|
|
|
|
| LEADER |
00831nam a22002412a 4500 |
| 001 |
000339583 |
| 003 |
CZ BrMZK |
| 005 |
20130911135921.0 |
| 007 |
ta |
| 008 |
980107s1968 xr f cze d |
| 015 |
|
|
|a cnb000449407
|
| 035 |
|
|
|a (OCoLC)42089720
|
| 040 |
|
|
|a BOA001
|b cze
|
| 100 |
1 |
|
|a Fischer, Václav,
|d 1926-2013
|7 jk01031296
|4 aut
|
| 245 |
1 |
0 |
|a Jarní kolotoč /
|c Václav Fischer, Jan Karpaš
|
| 250 |
|
|
|a 1.vyd.
|
| 260 |
|
|
|a Praha :
|b Středočeské nakladatelství,
|c 1968
|
| 300 |
|
|
|a 1 sv. (nestránkován)
|
| 700 |
1 |
|
|a Karpaš, Jan,
|d 1913-1984
|7 xx0021588
|4 aut
|
| 910 |
|
|
|a BOA001
|b 2-0615.009
|b PK-0052.175
|
| 990 |
|
|
|a BK
|
| 996 |
6 |
|
|b 2619682410
|c 2-0615.009
|l HP2
|r DEN
|n 0
|w 000339583
|u 000020
|a 1
|e BOA001
|j MZK50
|s P
|
| 996 |
7 |
|
|b 3119804042
|c PK-0052.175
|l MZK
|r Sklad / do 1 hodiny
|n 1
|w 000339583
|u 000010
|a 1
|e BOA001
|j MZK50
|s A
|